أهداف كل سورة ومقاصدها : (Record no. 6140)
[ view plain ]
| 000 -الفاتح | |
|---|---|
| حقل البيانات ثابتة الطول | 00621nac a22001691u 4500 |
| 008 - عناصر البيانات ثابتة الطول - معلومات عامة | |
| حقل البيانات ثابتة الطول | 100808s1998Ua|||||r|||| 000 00| 0dara |
| 020 ## - الرقم الدولى المعيارى للكتب | |
| الرقم الدولى المعيارى للكتاب | 9770156922 (ج3) |
| 020 ## - الرقم الدولى المعيارى للكتب | |
| الرقم الدولى المعيارى للكتاب | 9770158887 (ج4) |
| 082 ## - رقم تصنيف ديوى العشرى | |
| رقم التصنيف | 227.3 |
| رقم المادة | ش ح ا |
| 100 1# - المدخل الرئيسى - إسم شخصى | |
| الإسم الشخصى | شحاته، عبدالله |
| 9 (RLIN) | 17203 |
| 245 ## - بيان العنوان | |
| العنوان | أهداف كل سورة ومقاصدها : |
| بقية العنوان | في القرآن الكريم / |
| بيان المسئوليه,etc | عبدالله شحاته |
| 250 ## - بيان الطبعة | |
| بيان الطبعة | ط 4. |
| 260 ## - PUBLICATION, DISTRIBUTION, ETC. (IMPRINT) | |
| مكان الناشر او الموزع | القاهرة : |
| اسم الناشر او الموزع | الهيئة المصرية العامة للكتاب ،1998 |
| تاريخ النشر أو التوزيع | 1998 |
| 300 ## - الوصف المادى | |
| التعداد | 4 مج ؛ |
| أبعاد الوعاء | 18 سم. |
| 650 ## - المدخل الاضافى بالموضوع-مصطلح موضوعى | |
| مصطلح موضوعي أو اسم جغرافي كعنصر مدخل | القرآن |
| 9 (RLIN) | 63 |
| التقسيم الفرعي العام | تفسير |
| 942 ## - عناصر المدخل الإضافي( كوها) | |
| Koha [default] item type | Book - Borrowing |
| سابقة رقم الطلب | 227.3 ش ح ا |
| مصدر التصنيف او مخطط الترفيف | Dewey Decimal Classification |
| حالة التراجع | حالة الفقد | مصدر التصنيف او خطة الترفيف | حالة تلف | ليس للاعارة | مجموعات كوها | المكان الدائم | المكان الحالي | موقع الترفيف | تاريخ الاكتساب | Source of acquisition | رقم الاستدعاء | الباركود | Date last seen | مُعار | نوع الوعاء | تبصرة عامة |
|---|---|---|---|---|---|---|---|---|---|---|---|---|---|---|---|---|
| Dewey Decimal Classification | Central Library | Central Library | Lower Floor | 08/08/2010 | 227.3 ش ح ا | 000007728 | 15/07/2025 | 06/11/2014 | Book - Borrowing | ج 3 | ||||||
| Dewey Decimal Classification | Central Library | Central Library | Lower Floor | 08/08/2010 | 227.3 ش ح ا | 000007408 | 15/07/2025 | 18/11/2023 | Book - Borrowing | ج 4 |